Catálogo
 En Linea

Tribus y territorios académicos : (Registro nro. 33760)

Detalles MARC
000 -CABECERA
campo de control de longitud fija 00830nam a2200217 a 4500
001 - NÚMERO DE CONTROL
campo de control 000034269
005 - FECHA Y HORA DE LA ÚLTIMA TRANSACCIÓN
campo de control 20200930070924.0
008 - DATOS DE LONGITUD FIJA--INFORMACIÓN GENERAL
campo de control de longitud fija 110929s2001 es 000 0 spa d
020 ## - NÚMERO INTERNACIONAL ESTÁNDAR DEL LIBRO
Número Internacional Estándar del Libro 8474327571
020 ## - NÚMERO INTERNACIONAL ESTÁNDAR DEL LIBRO
Número Internacional Estándar del Libro 8474327571
040 ## - FUENTE DE LA CATALOGACIÓN
Centro catalogador/agencia de origen DO-SdBNP
Lengua de catalogación spa
Centro/agencia transcriptor BNPHU
049 ## - FONDOS LOCALES (OCLC)
Fondos de biblioteca BNPD
100 1# - ENTRADA PRINCIPAL--NOMBRE DE PERSONA
Nombre de persona Becher, Tony
9 (RLIN) 59693
240 12 - TÍTULO UNIFORME
Título uniforme Academic tribes and territories: intellectual enquiry and the cultures of disciplines
245 10 - MENCIÓN DE TÍTULO
Título Tribus y territorios académicos :
Resto del título la indagación intelectual y las culturas de las disciplinas /
Mención de responsabilidad, etc. Tony Becher ; traducción Andrea Menegotto.
260 ## - PUBLICACIÓN, DISTRIBUCIÓN, ETC.
Lugar de publicación, distribución, etc. Barcelona :
Nombre del editor, distribuidor, etc. Gedisa,
Fecha de publicación, distribución, etc. 2001.
300 ## - DESCRIPCIÓN FÍSICA
Extensión 253 p. ;
Dimensiones 23 cm.
490 1# - MENCIÓN DE SERIE
Mención de serie Biblioteca de educación.
-- Educación superior
Designación de volumen o secuencia 1
700 1# - PUNTO DE ACCESO ADICIONAL--NOMBRE DE PERSONA
Nombre de persona Menegotto, Andrea
Término indicativo de función/relación tr.
9 (RLIN) 59694
830 #0 - PUNTO DE ACCESO ADICIONAL DE SERIE-TÍTULO UNIFORME
Título uniforme Biblioteca de educación
Nombre de parte o sección de la obra Educación superior
Designación de volumen o secuencia 1
9 (RLIN) 59695
Existencias
Estado de retiro Estado de pérdida Restricciones de uso No para préstamo Código de colección Localización permanente Ubicación/localización actual Ubicación en estantería Fecha de adquisición Número de inventario Total de préstamos Signatura topográfica completa Código de barras Fecha visto por última vez Precio válido a partir de Tipo de ítem Koha
      Excluido de préstamo Monografías: Libros y Folletos General General En catalogación 29.09.2011 LF1   34269-10 25.06.2020 25.06.2020 No se presta

Con tecnología Koha